000 00841nam a2200277 a 4500
001 24964
003 CO-ViMGA
008 141112s2004 ck r 000 u spa d
020 _a9789581414079
040 _aCO-ViMGA
_bspa
_cCO-ViMGA
041 _aSPA
082 0 4 _a591.77 R69a
100 1 _aRoyston, Ángela
_937677
245 1 0 _aAnimales marinos /
_cÁngela Royston ; traducido por Olga Colella
250 _a1a ed.
260 _aBogotá :
_bSigmar,
_c2012
300 _a20 p. : il. col. : il.
490 _aAbre tus ojos
500 _aTítulo original : Eyes openers - Sea animals
650 1 4 _aANIMALES MARINOS
_953171
650 1 4 _aDESDE LOS 3 AÑOS
_937678
650 1 4 _aFAUNA MARINA - ENSEÑANZA ELEMENTAL
_937679
650 1 4 _aZOOLOGIA - ENSEÑANZA ELEMENTAL
_937680
700 1 _aColella, Olga
_937681
942 _2ddc
_cBK
999 _c2484
_d2484